000 00642nam a2200205Ia 4500
003 GCL
008 140319s9999 xx 000 0 ara d
040 _aGCL /
_cGCL
082 0 4 _a415.1
_bع د
100 1 _aعبده الراجحى
245 1 0 _aدروس فى الاعراب: الجزء الثامن والعشرون فى القران الكريم /
_cعبده الراجحى
260 _a[S.N] :
_bدار المعرفة الجامعية ،
_c1991
300 _a179 ص
490 _a
650 0 4 _aنحو
650 0 4 _aاللغة العربية
650 0 4 _aالقران - الفاظ
650 0 4 _aالقران
942 _2ddc
_cBK
999 _c36438
_d36438